KOHA-Header-6

Sirat-e-Mustaqim (Record no. 1451)

000 -LEADER
fixed length control field 00266nam a2200109Ia 4500
008 - FIXED-LENGTH DATA ELEMENTS--GENERAL INFORMATION
fixed length control field 190723s9999 xx 000 0 und d
100 ## - MAIN ENTRY--PERSONAL NAME
Personal name Prof.Abdul Qayyum Natiq
245 #0 - TITLE STATEMENT
Title Sirat-e-Mustaqim
260 ## - PUBLICATION, DISTRIBUTION, ETC. (IMPRINT)
Place of publication, distribution, etc Karachi
Name of publisher, distributor, etc Taher Sons
Date of publication, distribution, etc 2017
300 ## - PHYSICAL DESCRIPTION
Extent 325.:P
942 ## - ADDED ENTRY ELEMENTS (KOHA)
Koha item type Books
Holdings
Withdrawn status Lost status Damaged status Not for loan Collection code Permanent Location Current Location Shelving location Date acquired Total Checkouts Total Renewals Full call number Barcode Date last seen Date checked out Price effective from Koha item type
        Islamic Studies MAJU MAJU   2020-12-29 17 8 297.63 8075 2024-10-15 2024-10-08 2019-07-23 Islamic Studies

Powered by Koha